| 000 | 00718cam a22002533a 4500 | ||
|---|---|---|---|
| 001 | 13794 | ||
| 003 | PGUSA | ||
| 005 | 20140828083309.0 | ||
| 008 | 041019s2004||||xxu|||||s|||||000 1 eng d | ||
| 040 |
_aPGUSA _beng |
||
| 042 | _adc | ||
| 050 | 4 | _aPG | |
| 100 | 1 |
_aGogol, Nikolai Vasilevich, _d1809-1852 |
|
| 245 | 1 | 0 |
_aTarass Boulba _h[electronic resource] / _cNikolai Vasilevich Gogol |
| 260 |
_bProject Gutenberg, _c2004 |
||
| 506 | _aPublic domain in the USA. | ||
| 516 | _aElectronic text | ||
| 653 | _aCossacks -- Fiction | ||
| 653 | _aUkraine -- Fiction | ||
| 700 | 1 |
_aViardot, Louis, _d1800-1883 |
|
| 830 | 0 |
_aProject Gutenberg _v13794 |
|
| 856 | 4 | 0 | _uhttp://www.gutenberg.org/ebooks/13794 |
| 942 | _cEB | ||
| 999 |
_c243049 _d243049 |
||